Szczegóły MARC21

Stosunki międzynarodowe /

003 -Nazwa inst., której nr kontr. jest w polu 001 [,]
    • @
    • Nazwa instytucji, której n kontrolny jest w polu 001
    • NUKAT
005 -DATA I CZAS OSTATNIEJ MODYFIKACJI [,]
    • @
    • pole kontrolne
    • 20260413134257.0
020 -Międzynarod. znormalizowany nr książki - ISBN [ , ]
    • a
    • Numer ISBN
    • 8388551698 Find
040 -Instytucja sporządzająca opis [ , ]
    • a
    • Instytucja, która sporządziła opis (NP)
    • KR 295/MZ
    • c
    • Instytucja, która sporządziła rekord (NP)
    • KR 295/MZ
    • d
    • Instytucja, która zmodyfikowała rekord (P)
    • KR 295/MAG
    • d
    • Instytucja, która zmodyfikowała rekord (P)
    • KIEL 010/HLs
    • d
    • Instytucja, która zmodyfikowała rekord (P)
    • KR 93/BJs
942 -Rodzaj dokumentu [ , ]
    • c
    • Rodzaj dokumentu
    • Książka
245 -Strefa tytułu i oznaczenia odpowiedzialności [0,0]
    • a
    • Tytuł
    • Stosunki międzynarodowe / Find
    • c
    • Pozostałe elementy strefy tytułu i oznaczenia odpowiedzialności (NP)
    • pod red. Teresy Łoś-Nowak ; [aut. haseł Teresa Łoś-Nowak et al.].
260 -Strefa adresu wydawniczego [ , ]
    • a
    • Miejsce wydania (P)
    • Kraków :
    • b
    • Nazwa wydawcy (P)
    • Zakamycze,
    • c
    • Data wydania (P)
    • 2002.
300 -Strefa opisu fizycznego [ , ]
    • a
    • Określenie formy książki i/lub objętość (NP)
    • 440, [3] s. ;
    • c
    • Format (NP)
    • 24 cm.
336 -Typ zawartości [ , ]
    • a
    • Termin opisujący typ zawartości
    • Tekst
    • b
    • Kod określający zawartość
    • txt
    • 2
    • Źródło (terminu i kodu)
    • rdacontent
337 -Typ mediów [ , ]
    • a
    • Tryb odtwarzania
    • Bez urządzenia pośredniczącego
    • b
    • Kod typu mediów
    • n
    • 2
    • Źródło (terminu i kodu)
    • rdamedia
338 -Typ/rodzaj nośnika [ , ]
    • a
    • Hasło opisujące typ nośnika
    • Wolumin
    • b
    • Kod typu nośnika
    • nc
    • 2
    • Źródło (terminu i kodu)
    • rdacarrier
380 -Deskryptor - Forma dzieła (P) [ , ]
    • a
    • forma dzieła (NP)
    • Książki
388 -Deskryptor - czas powstania dzieła (P) [1, ]
    • a
    • Czas powstania dzieła (NP)
    • 2001-
490 -Strefa serii i książki wielotomowej - forma nie do wyszukiwania [1, ]
    • a
    • Tytuł (P)
    • Encyklopedia politologii / pod red. Marka Żmigrodzkiego ; Find
    • v
    • Numeracja (P)
    • t. 5
830 -Hasło dodatkowe serii i opisu książki wielotomowej - tytuł ujednolicony/tytuł [ ,0]
    • a
    • Tytuł ujednolicony/tytuł (NP)
    • Encyklopedia politologii
    • v
    • Oznaczenie tomu (NP)
    • t. 5
    • 9
    • KHW
    • 25342
504 -Uwaga dot. bibliogr. załącznikowej [ , ]
    • a
    • Uwaga dot. bibliografii załącznikowej
    • Bibliogr. przy niektórych hasłach.
630 -Hasło przedmiotowe w formie tytułu ujednoliconego [0,7]
    • a
    • Tytuł ujednolicony
    • Międzynarodowe stosunki polityczne
    • 2
    • Źródło terminu
    • DBN
    • 9
    • KHW
    • 743440
650 -Hasło przedmiotowe [ ,7]
    • a
    • Hasło przedmiotowe
    • Międzynarodowe stosunki gospodarcze
    • 2
    • Źródło terminu
    • DBN
    • 9
    • KHW
    • 728107
650 -Hasło przedmiotowe [ ,7]
    • a
    • Hasło przedmiotowe
    • Politologia
    • 2
    • Źródło terminu
    • DBN
    • 9
    • KHW
    • 725077
650 -Hasło przedmiotowe [ ,7]
    • a
    • Hasło przedmiotowe
    • Polityka międzynarodowa
    • 2
    • Źródło terminu
    • DBN
    • 9
    • KHW
    • 721573
650 -Hasło przedmiotowe [ ,7]
    • a
    • Hasło przedmiotowe
    • Nauki polityczne
    • v
    • Określnik formalny
    • encyklopedie.
    • 2
    • Źródło terminu
    • kaba
    • 9
    • KHW
    • 366457
655 -Hasło w funkcji tematu formalnego [ ,7]
    • a
    • Hasło
    • Encyklopedia
    • 2
    • Źródło terminu
    • DBN
    • 9
    • KHW
    • 723627
658 -Ujęcie treści [ , ]
    • a
    • dziedzina nauki i sztuki/ sfera aktywności życiowej
    • Polityka, politologia, administracja publiczna
700 -Hasło dodatkowe - nazwa osobowa [1, ]
    • a
    • Nazwa osobowa (NP)
    • Łoś-Nowak, Teresa Find
    • d
    • Daty biograficzne (NP)
    • (1945- ).
    • e
    • Określenie rodzaju współpracy
    • Red.
    • 9
    • KHW
    • 25149
700 -Hasło dodatkowe - nazwa osobowa [1, ]
    • a
    • Nazwa osobowa (NP)
    • Żmigrodzki, Marek Find
    • d
    • Daty biograficzne (NP)
    • (1946-2022).
    • e
    • Określenie rodzaju współpracy
    • Red.
    • 9
    • KHW
    • 14533
710 -Hasło dodatkowe - nazwa ciała zbiorowego [2, ]
    • a
    • Nazwa ciała zbiorowego lub nazwa geograficzna jako pierwszy element (NP)
    • Kantor Wydawniczy "Zakamycze".
    • 4
    • Kod relacji
    • pbl
    • 9
    • KHW
    • 69868
920 -ISBN [ , ]
    • a
    • ISBN
    • 83-88551-69-8 Find
Data inwentaryzacji Lokalizacja Sygnatura Numer inwentarzowy Status udost.
2002-06-10BG Z.990421
2002-07-23BG Z.99128-6
2020-11-03BG WM.25640-3
2002-06-10BNS F.309891
2002-03-26BSASA.11386SA.113861
2002-07-23BSASA.11821SA.118211
2016-02-18GW32(03)GW.6063-3